000 00309nam a22001337a 4500
008 171018b xxu||||| |||| 00| 0 eng d
020 _a0697002853
041 _aeng
080 _23 ED
_a338
100 _a53
101 _aMEN
245 _aPRINCIPLES OF MODERN MANAGEMENT
_cCERTO.S.C
942 _2udc
_cBK
999 _c34660
_d34660